000 00451nam a22001217a 4500
999 _c21361
_d21361
008 240906b ||||| |||| 00| 0 eng d
100 _aGonzales, Jeniffer A.
_eauthor.
_960276
245 _aHagupit ni malupit /
_cJeniffer A. Gonzales.
260 _aPhilippines;
_bPublishers Association of the Philippines, Inc.,
_cJuly 2019.
300 _aVolume 168, pages 75,
_billustration.
700 _aGonzales, Jeniffer A.
_eauthor.
_960276
942 _2ddc
_cPER